125 People with 'C' First Names Quiz Stats

 Plays Quiz not verified by Sporcle

Challenge
Share
Tweet
Embed
Score 0/125 Timer 18:00
0 Plays Today
One-Line Bio Person % Correct
'There's Something About Mary,' 'The Mask' starCameron Diaz
88.9%
French Canadian singer of 'My Heart Will Go On'Celine Dion
82.5%
Legendary actor of Star Wars princess fameCarrie Fisher
79.4%
Iconic silent film star of 'The Kid,' 'Modern Times,' etc.Charlie Chaplin
79.4%
30th President of the United StatesCalvin Coolidge
79.4%
First evolutionary scientist; 'On the Origin of Species'Charles Darwin
77.8%
Author of 'Jane Eyre'Charlotte Brontē
76.2%
Actor on 'Friends,' 'Cougar Town'Courteney Cox
76.2%
Italian explorer & so-called 'Discoverer of America'Christopher Columbus
74.6%
Pop star of 'Girls Just Wanna Have Fun' & 'True Colors'Cyndi Lauper
73%
Mega pop star of 'Genie in a Bottle' etc.Christina Aguilera
71.4%
South African actor; Oscar for 'Monster'Charlize Theron
71.4%
Legendary actor/director; 'Unforgiven,' 'Dirty Harry,' etc.Clint Eastwood
71.4%
Singular guitarist of 'Smooth,' 'Black Magic Woman'Carlos Santana
71.4%
Frontwoman of Hole; Widow of Kurt CobainCourtney Love
71.4%
Hollywood legend known for 'Gone with the Wind'Clark Gable
71.4%
Batman in 'Dark Knight' series; Oscar for 'The Fighter'Christian Bale
69.8%
French fashion designer with eponymous brandCoco Chanel
69.8%
Star of 'Planet of the Apes,' 'Ben-Hur,' etc.Charlton Heston
69.8%
'Sweet' daughter of JFK; Fmr. ambassador to JapanCaroline Kennedy
69.8%
In comedy group with brothers Groucho & HarpoChico Marx
69.8%
Duchess of Cornwall; Wife of Prince CharlesCamilla Parker-Bowles
68.3%
American supermodel known for her trademark moleCindy Crawford
68.3%
'Homeland,' 'Romeo + Juliet' actorClaire Danes
66.7%
Mononymous singer/actor of 'Believe' & 'Moonstruck'Cher
66.7%
Star of 'Ally McBeal' & 'Brothers & Sisters'Calista Flockhart
66.7%
Reality star; Trans advocate; Olympic decathleteCaitlyn Jenner
65.1%
Eponymous talk show host; 'Late Night' host ('93-09)Conan O'Brien
65.1%
Model of 70's & 80's fame; Ex-wife of Billy JoelChristie Brinkley
63.5%
Son of Sonny & Cher; LGBT advocate; MusicianChaz Bono
63.5%
Martial artist & actor of 'Walker, Texas Ranger,' etc.Chuck Norris
63.5%
Silver screen star of 'North by Northwest' & 'Notorious'Cary Grant
61.9%
Inaugural 'SNL' castmember; Actor of 'Vacation,' 'Fletch'Chevy Chase
61.9%
Astronomer and host of 'Cosmos'Carl Sagan
60.3%
21st President of the United StatesChester A. Arthur
60.3%
Comedian & stoner with partner Tommy ChongCheech Marin
60.3%
French impressionist painter of 'Impression, Sunrise'Claude Monet
58.7%
Star of 'Step Up,' '21 Jump Street,' 'Foxcatcher'Channing Tatum
58.7%
Iconic Argentine Marxist of Cuban RevolutionChe Guevara
58.7%
Lead Actor Oscar winner for 'Manchester-by-the-Sea'Casey Affleck
57.1%
2x Oscar winner for 'The Aviator' & 'Blue Jasmine'Cate Blanchett
57.1%
Won 5 Emmys for the title role on 'Murphy Brown'Candice Bergen
55.6%
One-Line Bio Person % Correct
Founder of the American Red CrossClara Barton
55.6%
Legendary comedian of 'SNL,' 'Madagascar' & 'Top Five'Chris Rock
54%
TV host of 'TRL,' 'Last Call,' 'The Voice,' & 'Today'Carson Daly
52.4%
Secretary of State (2001-05); Four-star generalColin Powell
50.8%
Legendary singer/songwriter of 'It's Too Late,' etc.Carole King
49.2%
Wife of assassinated Civil Rights leader & oratorCoretta Scott King
49.2%
Iconic comedian with eponymous variety show ('68-78)Carol Burnett
47.6%
Actor known for Archie Bunker on 'All in the Family'Carroll O'Connor
47.6%
MVP quarterback for the Carolina PanthersCam Newton
47.6%
Baseball's 'Ironman;' Orioles SS (1981-01)Cal Ripken Jr.
47.6%
'Closer,' 'Inside Man,' & 'Children of Men' actorClive Owen
47.6%
Conservative Supreme Court Justice since 1991Clarence Thomas
46%
MLB's all time wins leader; Pitching award namesakeCy Young
46%
20th century Hotel magnate; Great-grandpa of ParisConrad Hilton
46%
80's child star of 'The Goonies,' 'Stand by Me,' etc.Corey Feldman
44.4%
The final wife of King Henry VIIICatherine Parr
44.4%
Played D.J. Tanner on 'Full House'Candace Cameron Bure
44.4%
'How I Met Your Mother' & 'The Avengers' actorCobie Smulders
44.4%
Miranda on 'Sex and the City;' Oscar away from EGOTCynthia Nixon
44.4%
Author of 'The Road,' 'Blood Meridian,' etc.Cormac McCarthy
44.4%
Pop singer; 2nd place on American Idol season 2Clay Aiken
42.9%
British actor of 'An Education,' 'The Great Gatsby' etc.Carey Mulligan
41.3%
Portuguese soccer star for Real MadridCristiano Ronaldo
39.7%
Black comic of 'Barbershop,' 'Steve Harvey Show'Cedric the Entertainer
39.7%
Model; 'Lip Sync Battle' co-host; Wife of John LegendChrissy Teigen
38.1%
Solider & whistleblower to WikiLeaks; Recently freedChelsea Manning
38.1%
'1, 2 Step' & 'Goodies' R&B/hip-hop singerCiara
38.1%
Actor of 'Friday Night Lights' & 'Nashville' fameConnie Britton
36.5%
Played Larry's wife on 'Curb Your Enthusiasm'Cheryl Hines
36.5%
Emo illusionist who had a show called 'Mindfreak'Criss Angel
34.9%
Irish actor of '28 Days Later,' 'Batman Begins,' etc.Cillian Murphy
34.9%
Actor best known as George McFly in 'Back to the Future'Crispin Glover
33.3%
Former HP CEO & 2016 Republican presidential candidateCarly Fiorina
33.3%
Revolutionary director of 'The Ten Commandments'Cecil B. DeMille
33.3%
'Suite Life' & 'Rivedale' actor; Twin of DylanCole Sprouse
33.3%
Model & actor known for 'Scary/Epic/Date Movie'Carmen Electra
31.7%
All-Star small forward for the New York KnicksCarmelo Anthony
31.7%
Secretary of State (2005-09)Condoleezza Rice
31.7%
19th century railroad magnate; University in NashvilleCornelius Vanderbilt
31.7%
Persian emperor (559-530 BCE); Called 'The Great'Cyrus II
31.7%
First casualty of American Revolution (in Bos. Massacre)Crispus Attucks
31.7%
Tony-winning stage actor; 'The Good Wife,' 'Mamma Mia'Christine Baranski
30.2%
One-Line Bio Person % Correct
'Spy Kids,' 'Watchmen,' & 'San Andreas' actorCarla Gugino
30.2%
Host of 'The Late Late Show' from 2005-14Craig Ferguson
30.2%
Host of 'The Dog Whisperer'Cesar Millan
30.2%
Slapstick comedian with Larry & MoeCurly Howard
30.2%
Hall of fame WR for mostly the Vikings in the 90'sCris Carter
28.6%
Actor of 'L.A. Law' & 'Major League' fameCorbin Bernsen
28.6%
Junior Senator from the state of New JerseyCory Booker
25.4%
Model and actor of 'Suicide Squad,' 'Paper Towns'Cara Delevingne
25.4%
'Coloring Book' & 'Acid Rap' musician; Genre is in his nameChance the Rapper
25.4%
All-star PG for the '04 NBA Champ Pistons; 'Mr. Big Shot'Chauncey Billups
25.4%
Hall of Fame RB for the Patriots & Jets (1995-06)Curtis Martin
25.4%
UK Prime Minister from 1945-51Clement Attlee
25.4%
Starlet known for 'Hugo,' 'Carrie,' & 'Kick-Ass'Chloë Grace Moretz
25.4%
Singer of 2007 hits 'Bubbly' & 'Realize'Colbie Caillat
25.4%
8x All-Star 3B for the Atlanta Braves (1993-12)Chipper Jones
25.4%
British singer known for 'Boom Clap,' hook of 'Fancy'Charli XCX
23.8%
Hall of Fame catcher for the Red & White Sox ('69-83)Carlton Fisk
23.8%
'SNL' castmember; Currently impersonates Melania TrumpCecily Strong
23.8%
Frontman for NickelbackChad Kroeger
23.8%
Country musician of mid-20th century; 'Mr. Guitar'Chet Atkins
23.8%
Famous Irish MMA fighterConor McGregor
22.2%
10x All-Star SG/SF ('83-98), mostly for Trail BlazersClyde Drexler
20.6%
Standout U. Texas QB of late '00s; On RedskinsColt McCoy
20.6%
British host of 'So You Think You Can Dance?'Cat Deeley
19%
Co-host of HGTV's 'Fixer Upper' with wife JoannaChip Gaines
19%
All star 2B for the Dodgers, formerly of the PhilliesChase Utley
17.5%
3x Cy Young-winning pitcher for the DodgersClayton Kershaw
17.5%
Dutch actor known for Melisandre on 'Game of Thrones'Carice van Houten
15.9%
Actor of '42,' 'Get on Up,' and 'Black Panther'Chadwick Boseman
15.9%
'Shawshank Redemption' actor; Voice of Mr. KrabsClancy Brown
15.9%
19th c. baseball star & HOF for Colts/White StockingsCap Anson
14.3%
US women's soccer player; Hat trick in 2015 WC finalCarli Lloyd
12.7%
Lead actror on 'Fresh Off the Boat'Constance Wu
12.7%
Founding member of Tears for FearsCurt Smith
11.1%
'Wolf of Wall Street' actor; the 'Mother' in 'HIMYM'Cristin Milioti
11.1%
South African winner of the 2011 MastersCharl Schwartzel
11.1%
Small forward for the Memphis Grizzlies; HandsomeChandler Parsons
9.5%
Actor known for playing Nate on 'Gossip Girl'Chace Crawford
7.9%
British actor on 'The Good Wife/Fight;' Great nameCush Jumbo
6.3%
Entrepreneur; Wife of pres. candidate & HUD secretaryCandy Carson
6.3%
WNBA-great PG for Phoenix Mercury; Rutgers U starCappie Pondexter
4.8%

You're not logged in!

Compare scores with friends on all Sporcle quizzes.
Join for Free
OR
Log In

You Might Also Like...

Show Comments

Extras

Top Quizzes Today


Score Distribution

Your Account Isn't Verified!

In order to create a playlist on Sporcle, you need to verify the email address you used during registration. Go to your Sporcle Settings to finish the process.

Report this User

Report this user for behavior that violates our Community Guidelines.

Details: